000 00409nam a2200145Ia 4500
008 230917s9999||||xx |||||||||||||| ||und||
040 _e102558
_aMAIN
041 _aEnglish
082 _a3071412 L625U
100 _aLieten, G K
245 0 _aUnequal partners: power relations, devolution and development in Uttar Pradesh
260 _aNew Delhi
_bSage Publications
_c1999
300 _a297 p.
942 _cBK
999 _c119525
_d119525